The process of research in psychology / (Record no. 16)
[ view plain ]
| 000 -LEADER | |
|---|---|
| fixed length control field | 01962cam a2200421 a 4500 |
| 003 - CONTROL NUMBER IDENTIFIER | |
| control field | UkOxU |
| 005 - DATE AND TIME OF LATEST TRANSACTION | |
| control field | 20210528065655.0 |
| 008 - FIXED-LENGTH DATA ELEMENTS--GENERAL INFORMATION | |
| fixed length control field | 090527s2010 caua b 001 0 eng d |
| 020 ## - INTERNATIONAL STANDARD BOOK NUMBER | |
| International Standard Book Number | 9781412960786 (pbk.) |
| 020 ## - INTERNATIONAL STANDARD BOOK NUMBER | |
| International Standard Book Number | 1412960789 (pbk.) |
| 020 ## - INTERNATIONAL STANDARD BOOK NUMBER | |
| International Standard Book Number | 9781412974479 (pbk) |
| 020 ## - INTERNATIONAL STANDARD BOOK NUMBER | |
| International Standard Book Number | 9781412976695 (CDROM) |
| 040 ## - CATALOGING SOURCE | |
| Transcribing agency | DLC |
| 050 00 - LIBRARY OF CONGRESS CALL NUMBER | |
| Classification number | BF76.5 |
| Item number | .M376 2010 |
| 100 1# - MAIN ENTRY--PERSONAL NAME | |
| Personal name | McBride, Dawn M. |
| 245 14 - TITLE STATEMENT | |
| Title | The process of research in psychology / |
| Statement of responsibility, etc. | Dawn M. McBride. |
| 260 ## - PUBLICATION, DISTRIBUTION, ETC. | |
| Place of publication, distribution, etc. | Los Angeles : |
| Name of publisher, distributor, etc. | SAGE, |
| Date of publication, distribution, etc. | c2010. |
| 300 ## - PHYSICAL DESCRIPTION | |
| Extent | xiv, 331 p. : |
| Other physical details | ill. ; |
| Dimensions | 23 cm. + |
| Accompanying material | 1 CD-ROM (4 3/4 in.) |
| 500 ## - GENERAL NOTE | |
| General note | Accompanied by CD-ROM entitled: SPSS Statistics Student Version 17.0. |
| 504 ## - BIBLIOGRAPHY, ETC. NOTE | |
| Bibliography, etc. note | Includes bibliographical references and index. |
| 650 #0 - SUBJECT ADDED ENTRY--TOPICAL TERM | |
| Topical term or geographic name entry element | Psychology |
| General subdivision | Research |
| -- | Methodology. |
| 650 #0 - SUBJECT ADDED ENTRY--TOPICAL TERM | |
| Topical term or geographic name entry element | Psychology, Experimental. |
| 650 #2 - SUBJECT ADDED ENTRY--TOPICAL TERM | |
| Topical term or geographic name entry element | Psychology. |
| 650 #2 - SUBJECT ADDED ENTRY--TOPICAL TERM | |
| Topical term or geographic name entry element | Research |
| General subdivision | methods. |
| 650 #2 - SUBJECT ADDED ENTRY--TOPICAL TERM | |
| Topical term or geographic name entry element | Psychology, Experimental. |
| 942 ## - ADDED ENTRY ELEMENTS (KOHA) | |
| Source of classification or shelving scheme | |
| Koha item type | Book |
| Withdrawn status | Lost status | Source of classification or shelving scheme | Damaged status | Not for loan | Permanent Location | Current Location | Shelving location | Date acquired | Total Checkouts | Total Renewals | Full call number | Barcode | Date last seen | Date last checked out | Copy number | Price effective from | Koha item type | Public note | Source of acquisition |
|---|---|---|---|---|---|---|---|---|---|---|---|---|---|---|---|---|---|---|---|
| AU LIBRARY | AU LIBRARY | Open Shelf | 28.05.2021 | 3 | BF76.5 .M376 2010 C1 | 28001308 | 15.10.2021 | 15.10.2021 | 1 | 28.05.2021 | Book | MW | |||||||
| AU LIBRARY | AU LIBRARY | Open Shelf | 28.05.2021 | BF76.5 .M376 2010 C2 | 28000012 | 28.05.2021 | 2 | 28.05.2021 | Book | MW | |||||||||
| AU LIBRARY | AU LIBRARY | Open Shelf | 11.06.2021 | BF76.5 .M376 2010 C3 | 28000913 | 11.06.2021 | 3 | 11.06.2021 | Book | SO | |||||||||
| AU LIBRARY | AU LIBRARY | Open Shelf | 11.06.2021 | BF76.5 .M376 2010 C4 | 28000914 | 11.06.2021 | 4 | 11.06.2021 | Book | SO | |||||||||
| AU LIBRARY | AU LIBRARY | Open Shelf | 11.06.2021 | BF76.5 .M376 2010 C5 | 28000011 | 11.06.2021 | 5 | 11.06.2021 | Book | SO | |||||||||
| AU LIBRARY | AU LIBRARY | Open Shelf | 28.05.2021 | 1 | BF76.5 .M376 2010 C6 | 28000920 | 15.10.2021 | 15.10.2021 | 6 | 28.05.2021 | Book | IO | Donation from MU | ||||||
| AU LIBRARY | AU LIBRARY | Open Shelf | 28.05.2021 | BF76.5 .M376 2010 C7 | 28000919 | 06.07.2021 | 7 | 28.05.2021 | Book | IO | Donation from MU | ||||||||
| AU LIBRARY | AU LIBRARY | Open Shelf | 28.05.2021 | BF76.5 .M376 2010 C8 | 28000917 | 06.07.2021 | 8 | 28.05.2021 | Book | IO | Donation from MU | ||||||||
| AU LIBRARY | AU LIBRARY | Open Shelf | 28.05.2021 | BF76.5 .M376 2010 C9 | 28000918 | 06.07.2021 | 9 | 28.05.2021 | Book | IO | Donation from MU | ||||||||
| AU LIBRARY | AU LIBRARY | Open Shelf | 01.02.2022 | BF76.5 .M376 2010 C10 | 28000916 | 01.02.2022 | 10 | 01.02.2022 | Book | DO | DONATION FROM MOI UNIVERSITY | ||||||||
| AU LIBRARY | AU LIBRARY | Open Shelf | 25.03.2022 | BF76.5 .M376 2010 C11 | 28000915 | 25.03.2022 | 11 | 25.03.2022 | Book | MM | DONATION FROM MOI UNIVERSITY |